tolerate it lyrics - Statistics

General Stats
  • This quiz has been taken 112 times
  • The average score is 273 of 314
Answer Stats
Lyrics % Correct
I
100%
I?
100%
it
100%
it?
100%
tolerate
100%
you
100%
You
100%
you,
100%
a
98%
be
98%
for
98%
in
98%
me
98%
me,
98%
my
98%
the
98%
and
96%
And
96%
do
96%
I'm
96%
your
96%
all
94%
got
94%
it's
94%
so
94%
what
94%
But
92%
but
92%
head
92%
head,
92%
If
92%
if
92%
just
92%
like
92%
love
92%
with
92%
now
90%
Now
90%
should
90%
where
90%
by
88%
I've
88%
know
88%
of
88%
tell
88%
Tell
88%
us
88%
watch
88%
best
86%
door
86%
sit
86%
was
86%
wrong
86%
You're
86%
celebrated
84%
kid
84%
shit
84%
somehow
84%
table
84%
Use
84%
wait
84%
colors
82%
could
82%
eyes
82%
fancy
82%
life
82%
or
82%
story
82%
too
82%
were
82%
would
82%
much
80%
out
80%
don't
78%
Lay
78%
leave
78%
low
78%
sky
78%
then
78%
closed
76%
that
76%
time
76%
portrait
74%
they
74%
begging
72%
breathing
72%
everything
72%
good
72%
man
72%
older
72%
reading
72%
wiser,
72%
Believe
70%
footnotes
70%
listen,
70%
made
70%
this
70%
up
70%
blankets
68%
fun
68%
notice
68%
other
68%
over
68%
ruins?
68%
space
68%
temple,
68%
worlds,
68%
battle
66%
glisten
66%
mural,
66%
plates
66%
wire?
66%
gleam
64%
greet
64%
hero's
64%
take
64%
welcome
64%
Always
62%
barbed
62%
building
62%
polish
62%
removed
62%
until
62%
lose
60%
taking
60%
Took
60%
Where's
60%
fine,
58%
While
58%
break
56%
Drawing
56%
free
56%
hearts
56%
dagger
54%
indiscretions
54%
weight
54%
byline
52%
wake
52%
assume
50%
throw
50%
Gain
48%
who'd
46%
No matching quizzes found
Score Distribution
Percent of People with Each Score
Percentile by Number Answered
Your Score History
You have not taken this quiz